| 000 | 00752nam a2200205 i 4500 | ||
|---|---|---|---|
| 001 | 189590 | ||
| 003 | ES-MaACL | ||
| 005 | 20230906223517.0 | ||
| 007 | t| | ||
| 008 | 190624s1953 sp r ||||1| spa d | ||
| 100 | 0 |
_aMartínez Mata, Florentino. _978219 |
|
| 245 | 1 | 0 |
_aEnsayo del guayule en España / _cpor Florentino Martínez Mata. |
| 260 |
_aMadrid : _bInstituto Forestal de Investigaciones y Experiencias, _c1953. |
||
| 300 |
_a162 p. : _bil. ; _c24 cm. |
||
| 490 | 1 |
_aInstituto Forestal de Investigaciones y Experiencias ; _vAño XXIV nº 68 |
|
| 650 | 4 |
_aGuayule- _zEspaña. _9167396 |
|
| 830 | 0 |
_aInstituto Forestal de Investigaciones y Experiencias ; _vAño XXIV nº 68 _9181435 |
|
| 852 |
_aES-MaACL _jP-569-Bis-55 |
||
| 999 |
_c189590 _d189590 |
||